01538nam a22001937a 450000500170000000800410001702000180005808200160007610000190009224500650011125000170017626000340019330000180022750400340024550509720027965000460125165000320129770000150132920231102151635.0140205s2009 mx a|||| |||| 00| 0 eng d a9786074423105 2155 aC886s aCraig Grace J. aDesarrollo psicológico / Craig Grace J.c / Craig Grace J. a9 Edición  aMéxicob : Pearsonc , 2009 a696 páginas aIncluye bibliografia pp 1-696 aTeorías y métodos de investigación Desarrollo prenatal y parto Herencia y ambiente Desarrollos físico, cognoscitivo y lingûístico en la infancia Desarrollo de la personalidad y socialización en la infancia El preescolar: desarrollos físico, cognitivo y lingûístico preescolar: desarrollo de la personalidad y socialización Niñez media y niños en edad escolar: desarrollos físico y cognitivo Niñez media y niños en edad escolar: desarrollo de la personalidad y socialización Adolescencia: desarrollo físico y cognitivo Adolescencia: desarrollo de la personalidad y socialización Juventud: desarrollos físico y cognitivo Juventud: desarrollos de la personalidad y socialización Adultos de edad madura: desarrollos físico y cognitivo Madurez: desarrollo de la personalidad y socialización La vejez: desarrollo físico y cognitivo La vejez: desarrollo de la personalidad y socialización La muerte y el proceso de morir14aTEORÍAS Y MÉTODOS DE INVESTIGACIÓN 14aDESARROLLO PRENATAL Y PARTO aDon Baucum